| 000 | 00418nam a2200157 4500 | ||
|---|---|---|---|
| 001 | 127864 | ||
| 003 | ES-MaACL | ||
| 005 | 20230906193114.0 | ||
| 007 | t| | ||
| 008 | 070214s1969 sp r ||||1| spa d | ||
| 100 | 1 |
_aRivera, Ramiro. _997628 |
|
| 245 | 1 | 0 |
_aAngiografĂa práctica / _cRamiro Rivera. |
| 260 |
_aMadrid : _bPaz Montalvo, _c1969. |
||
| 300 |
_a442 p. ; _c25 cm. |
||
| 852 |
_aES-MaACL _jC-37715 _bR.72146 |
||
| 999 |
_c127864 _d127864 |
||